[Event "Pristina Nderkombetar op"]
[Site "Pristina"]
[Date "2022.06.21"]
[Round "7"]
[White "Shkurti, Bashkim"]
[Black "Koka, Osman"]
[Result "1-0"]
[WhiteElo "1975"]
[BlackElo "2163"]
[PlyCount "105"]
[EventDate "2022.06.17"]
[EventType "swiss"]
[EventRounds "9"]
[EventCountry "KOS"]
[SourceTitle "CBM 209 Extra"]
[Source "ChessBase"]
[SourceDate "2022.09.30"]
[SourceVersion "1"]
[SourceVersionDate "2022.09.30"]
[SourceQuality "1"]

1. d4 Nf6 2. c4 c5 3. Nf3 cxd4 4. Nxd4 a6 5. Nc3 Qc7 6. e3 e5 7. Nc2 b6 8. Bd3 Bb7 9. e4 h6 10. 0-0 d6 11. Be3 Nbd7 12. Nb4 Nc5 13. Bxc5 dxc5 14. Nbd5 Qd6 15. Qb3 Bxd5 16. exd5 Be7 17. Qa4+ Qd7 18. Rfe1 b5 19. Nxb5 0-0 20. Nc3 Qc7 21. Qc6 Qb8 22. Rab1 Bd6 23. g3 Rc8 24. Qa4 g6 25. Re2 Re8 26. a3 a5 27. Rbe1 Kg7 28. Nb5 Re7 29. Qc2 Qb6 30. Qc3 Rae8 31. f3 h5 32. Kg2 a4 33. Qc2 Nh7 34. Qc3 f6 35. Bc2 h4 36. Bxa4 Ra8 37. Bc2 hxg3 38. hxg3 Rae8 39. Qe3 f5 40. b4 Rc8 41. Rh1 Kg8 42. Rh6 Rg7 43. Bxf5 gxf5 44. Rxd6 Qb7 45. Qxe5 cxb4 46. Qe6+ Kh8 47. Rb6 Qa8 48. Nd6 Rf8 49. Qe5 f4 50. g4 bxa3 51. Rb7 Nf6 52. Rxg7 a2 53. Qg5 1-0

[Event "Pristina Nderkombetar op"]
[Site "Pristina"]
[Date "2022.06.18"]
[Round "3"]
[White "Shtavica, Alaudin"]
[Black "Shkurti, Bashkim"]
[Result "0-1"]
[WhiteElo "1366"]
[BlackElo "1975"]
[PlyCount "104"]
[EventDate "2022.06.17"]
[EventType "swiss"]
[EventRounds "9"]
[EventCountry "KOS"]
[SourceTitle "CBM 209 Extra"]
[Source "ChessBase"]
[SourceDate "2022.09.30"]
[SourceVersion "1"]
[SourceVersionDate "2022.09.30"]
[SourceQuality "1"]

1. e4 e6 2. d4 d5 3. exd5 exd5 4. Nf3 Nf6 5. Bd3 Bg4 6. h3 Bh5 7. Bg5 Be7 8. Nbd2 Nc6 9. c3 Bg6 10. Qc2 Ne4 11. Bxe7 Qxe7 12. 0-0-0 Nxd2 13. Rxd2 0-0 14. Bxg6 hxg6 15. Re2 Qf6 16. h4 Rae8 17. h5 Rxe2 18. Qxe2 Qf4+ 19. Kc2 Qf5+ 20. Qd3 Qxd3+ 21. Kxd3 gxh5 22. Rxh5 Rd8 23. Ne5 Ne7 24. c4 f6 25. Ng4 dxc4+ 26. Kxc4 c6 27. Ra5 Rd7 28. Ne3 b6 29. Ra3 Kf7 30. Rd3 Ng6 31. g3 Ne7 32. d5 cxd5+ 33. Nxd5 Nxd5 34. Rxd5 Rc7+ 35. Kd3 Ke6 36. Rd4 g5 37. b4 f5 38. f3 Rc1 39. a4 Ra1 40. b5 Ra3+ 41. Ke2 Ke5 42. Rd8 Rxa4 43. Rg8 g4 44. fxg4 fxg4 45. Rg7 Kf5 46. Ke3 Ra3+ 47. Kf2 Rf3+ 48. Kg2 Rb3 49. Rxa7 Rb2+ 50. Kf1 Rxb5 51. Rf7+ Kg6 52. Rf4 Rf5 0-1